<?xml version="1.0" encoding="UTF-8"?>
<record
    xmlns:xsi="http://www.w3.org/2001/XMLSchema-instance"
    xsi:schemaLocation="http://www.loc.gov/MARC21/slim http://www.loc.gov/standards/marcxml/schema/MARC21slim.xsd"
    xmlns="http://www.loc.gov/MARC21/slim">

  <leader>01987nam a2200289Ia 4500</leader>
  <controlfield tag="001">H1973</controlfield>
  <controlfield tag="003">IT-RoPAU</controlfield>
  <controlfield tag="008">130308s9999    xx            000 0 und d</controlfield>
  <datafield tag="040" ind1=" " ind2=" ">
    <subfield code="a">IT-RoPAU</subfield>
  </datafield>
  <datafield tag="040" ind1=" " ind2=" ">
    <subfield code="c">IT-RoPAU</subfield>
  </datafield>
  <datafield tag="041" ind1=" " ind2=" ">
    <subfield code="a">ITALIANO</subfield>
  </datafield>
  <datafield tag="100" ind1=" " ind2=" ">
    <subfield code="a">Puggelli Francesca Romana</subfield>
  </datafield>
  <datafield tag="100" ind1=" " ind2=" ">
    <subfield code="g">Codice Aut. SPICS: 53982</subfield>
  </datafield>
  <datafield tag="245" ind1=" " ind2=" ">
    <subfield code="a">Spot generation. I bambini e la pubblicit&#xE0;</subfield>
  </datafield>
  <datafield tag="245" ind1=" " ind2=" ">
    <subfield code="b">Spot Generation. I Bambini e la Pubblicita'</subfield>
  </datafield>
  <datafield tag="250" ind1=" " ind2=" ">
    <subfield code="a">1a ed.</subfield>
  </datafield>
  <datafield tag="260" ind1=" " ind2=" ">
    <subfield code="a">MILANO</subfield>
  </datafield>
  <datafield tag="260" ind1=" " ind2=" ">
    <subfield code="b">Angeli Franco</subfield>
  </datafield>
  <datafield tag="260" ind1=" " ind2=" ">
    <subfield code="c">2002 [1&#xB0; Ed.:2002 - Ed.Ling.Originale:2002]</subfield>
  </datafield>
  <datafield tag="300" ind1=" " ind2=" ">
    <subfield code="a">"240 p. (prefazione: no ; testo: 240 [pagine: 0-0])"</subfield>
  </datafield>
  <datafield tag="500" ind1=" " ind2=" ">
    <subfield code="a">"Prefazione di Assunto Quadrio Aristarchi. Introduzione di Gian Luigi Falabrino. Sviluppo del Bambino: Sviluppo Cognitivo: Stadi Dello Sviluppo Cognitivo, Sviluppo delle Competenze Cognitive, Sviluppo del Linguaggio; Sviluppodel Se': Sviluppo del Concetto di Genere e di Ruolo, Sviluppo della Sessualit&#xE0;, inizio Dello Sviluppo Psico Sociale; Sviluppo dei Rapporti Sociali: Rapporto con I Coetanei, Amicizia, Sviluppo Morale. Bambini e Pubblicita': Cosa Pensano I Bambini della Pubblicita'; Quello che sappiamo della Pubblicita': Pubblicit&#xE0; Come rappresentazione Sociale, Come Ideologia, Come Fontedi Socializzazione e di Stereotipi; Cosa Capiscono I Bambini della Pubblicita'; Effetti della Pubblicit&#xE0; Sui Bambini: Come I Bambini Valutano la Pubblicit&#xE0;, Come gli spot condizionano Il Comportamento d'acquisto dei Bambini. che Fare?: Panorama Legislativo: Autoregolamentazione e Autodisciplina, Esempi Stranieri; Pubblicit&#xE0; Non Commerciale: Pubblicit&#xE0; Sociale, Advocacy Advertising, propaganda Politica, Caso Pubblicit&#xE0; Progresso, campagne a favore dell'Infanzia; ruolo dei Genitori: intervento Preventivo, Appoggio Eco Visione, Compensione e Interpretazione; ruolo dei Pubblicitari. Bibliografia."</subfield>
  </datafield>
  <datafield tag="650" ind1=" " ind2=" ">
    <subfield code="a">SAGGI DI PUBBLICITA'</subfield>
  </datafield>
  <datafield tag="650" ind1=" " ind2=" ">
    <subfield code="e">Codice materia Spics: 6211</subfield>
  </datafield>
  <datafield tag="942" ind1=" " ind2=" ">
    <subfield code="c">BK</subfield>
  </datafield>
  <datafield tag="957" ind1=" " ind2=" ">
    <subfield code="7">1</subfield>
  </datafield>
  <datafield tag="999" ind1=" " ind2=" ">
    <subfield code="c">92004</subfield>
    <subfield code="d">92004</subfield>
  </datafield>
  <datafield tag="999" ind1=" " ind2=" ">
    <subfield code="g">1</subfield>
  </datafield>
  <datafield tag="952" ind1=" " ind2=" ">
    <subfield code="0">0</subfield>
    <subfield code="1">0</subfield>
    <subfield code="4">0</subfield>
    <subfield code="6">H_000000000000000_1973</subfield>
    <subfield code="7">1</subfield>
    <subfield code="a">SPICS</subfield>
    <subfield code="b">SPICS</subfield>
    <subfield code="d">2013-03-08</subfield>
    <subfield code="l">0</subfield>
    <subfield code="o">H1973</subfield>
    <subfield code="r">2013-03-08 00:00:00</subfield>
    <subfield code="w">2013-03-08</subfield>
    <subfield code="y">BK</subfield>
    <subfield code="z">Progressivo inserimento:  27336 /  N. Volumi: 1 Copie: 1  / data import: 1 marzo 2013 - By Epidotti, Trombetti, Vaglietti. </subfield>
  </datafield>
</record>
